Las vanguardias literarias en hispanoamérica: manifiestos, proclamas y otros escritos
Salvato in:
| Autore principale: | |
|---|---|
| Natura: | Libro |
| Lingua: | spagnolo |
| Pubblicazione: |
Ciudad de México
Fondo de Cultura Económica
1995
|
| Edizione: | 3a. ed |
| Serie: | Colección Tierra Firme
|
| Soggetti: | |
| Tags: |
Aggiungi Tag
Nessun Tag, puoi essere il primo ad aggiungerne!!
|
MARC
| LEADER | 00000nam a2200000 a 4500 | ||
|---|---|---|---|
| 001 | UCM6771 | ||
| 003 | CL-VaPUC | ||
| 008 | 021122e19950000MX |||||||||||||||||spa|d | ||
| 082 | 0 | 4 | |a 860.9 |b VER |2 21 |
| 100 | 0 | |a Verani, Hugo J |e author |9 472624 | |
| 245 | 1 | 4 | |a Las vanguardias literarias en hispanoamérica: manifiestos, proclamas y otros escritos |
| 250 | |a 3a. ed | ||
| 300 | |a 284 p | ||
| 942 | |c BK | ||
| 945 | |d 20021122 00:00:00 |a cmena | ||
| 260 | |a Ciudad de México |b Fondo de Cultura Económica |c 1995 | ||
| 650 | 0 | |a Literatura hispanoamericana |9 269097 | |
| 650 | 0 | |a Crítica e interpretación |9 255042 | |
| 650 | 0 | |a Estilos literarios |9 310538 | |
| 650 | 0 | |a Vanguardismo |9 455007 | |
| 583 | |a last modification |c 20021122 00:00:00 |k Rodrigo Vera | ||
| 490 | 0 | |a Colección Tierra Firme | |
| 999 | |c 301995 |d 301993 | ||
| 952 | |0 0 |1 0 |4 0 |6 860_900000000000000_VER_1995 |7 0 |8 A |9 361966 |a FDOPOS |b FDOPOS |d 2019-11-21 |i 3861147 |o 860.9 VER 1995 |p 3861147 |r 2025-01-22 |w 2019-11-21 |y BK |k MLH | ||